Deutsche YouTuber/Streamer #2 - Statistiken

Allgemein
  • Dieses Quiz wurde 186 mal gespielt
  • Das Durchschnittsergebnis liegt bei 5 aus 12
Antwortstatistiken
Bürgerlicher Name Kanal % Korrekt
Julien Zheng Zheng Kho Budorovits Julien Bam
83%
Rainer Winkler Drachenlord
82%
Julian Claßen Julienco
75%
Barbara Schirin Davidavicius Shirin David
75%
Sebastian Meyer rewinside
63%
Carsten Hymon Elotrix
30%
Kathrin Fricke coldmirror
19%
Joshua Paul Weißleder Simon Desue
18%
Valentin Matthias Rahmel Sarazar
12%
Ardian Bora Ardy
11%
Rustem Ramaj Leon Machere
11%
Marcel Dähne KsFreak
6%
Keine übereinstimmenden Quizze gefunden
Verteilung der Resultate
Anzahl Personen mit jedem Resultat
Perzentil nach korrekt beantworteten Fragen
Ihre Resultats-Entwicklung
Sie haben dieses Quiz noch nicht gespielt